El Despertador americano : correo político económico de Guadalaxara.

Bibliographic Details
Other Authors: Maldonado, Francisco Severo, 1775-1832 (Editor), Sierra, José Ángel de la (Editor)
Format: Journal
Language:Spanish
Published: [Guadalajara] : [publisher not identified]?], 1810-1811.
Subjects:

MARC

Tag First Indicator Second Indicator Subfields
LEADER 00000cas a2200000Ka 4500
001 in00003537721
005 20151105174334.0
008 150406d18101811mx uu p 0 0spa d
035 |a (OCoLC)ocn906629624 
035 |a (OCoLC)906629624 
040 |a TXA  |b eng  |c TXA  |d UtOrBLW 
043 |a n-mx--- 
049 |a TXAM 
050 4 |a F1232  |b .D48 
245 0 3 |a El Despertador americano :  |b correo político económico de Guadalaxara. 
264 1 |a [Guadalajara] :  |b [publisher not identified]?],  |c 1810-1811. 
300 |a 7 volumes ;  |c 20 cm. 
310 |a Weekly 
336 |a text  |b txt  |2 rdacontent 
337 |a unmediated  |b n  |2 rdamedia 
338 |a volume  |b nc  |2 rdacarrier 
362 1 |a Began with: Núm. 1 (del jueves 20 de dic. de 1810); ceased with: Núm. 7 (del viernes 17 de enero de 1811). 
588 |a Description based on: Núm. 2 (jueves 27 de diciembre de 1810); title from caption. 
500 |a No imprint on pieces; Garritz (cited below) names Francisco Severo Maldonado as the editor, in collaboration with J. Ángel de la Sierra, and Imprenta de José Fructo Romero as the printer. 
510 4 |a Garritz, A.. Impresos novohispanos, 1808-1821,  |c 651 
651 0 |a Mexico  |x History  |y Wars of Independence, 1810-1821  |v Periodicals. 
651 0 |a Mexico  |x Politics and government  |y 1810-1821  |v Periodicals. 
650 7 |a Political science.  |2 fast  |0 (OCoLC)fst01069781 
651 7 |a Mexico.  |2 fast  |0 (OCoLC)fst01211700 
648 7 |a 1810 - 1821  |2 fast 
655 7 |a Periodicals.  |2 fast  |0 (OCoLC)fst01411641 
700 1 |a Maldonado, Francisco Severo,  |d 1775-1832,  |e editor. 
700 1 |a Sierra, José Ángel de la,  |e editor. 
752 |a Mexico  |d Guadalajara. 
948 |a cataloged  |b h  |c 2015/4/6  |d o  |e fpiscitelli  |f 5:29:12 pm 
994 |a C0  |b TXA 
999 |a MARS 
999 f f |s a2523b3d-eda6-3680-a15d-6d1baa851fa0  |i cff515c9-580d-344a-8604-d7122c99a7b2  |t 0 
952 f f |p noncirc  |a Texas A&M University  |b College Station  |c Cushing Memorial Library & Archives  |d Cushing: Colonial Mexican Imprints (Does not check out)  |t 0  |e F1232 .D48  |h Library of Congress classification  |i unmediated -- volume 
998 f f |a F1232 .D48  |s núm.5 (1811:enero 10)  |t 0  |l Cushing: Colonial Mexican Imprints (Does not check out)